[Event "Pfalz-ch HT2 87th"]
[Site "Landau"]
[Date "2018.03.24"]
[Round "2"]
[White "Heindl, Gilbert"]
[Black "Steiner, Peter Markus"]
[Result "0-1"]
[WhiteElo "1379"]
[BlackElo "1504"]
[PlyCount "39"]
[EventDate "2018.03.23"]
[EventType "swiss"]
[EventRounds "7"]
[EventCountry "GER"]
[SourceTitle "EXT 2019"]
[Source "ChessBase"]
[SourceDate "2018.10.10"]
[SourceVersion "1"]
[SourceVersionDate "2018.10.10"]
[SourceQuality "1"]

1. e4 e6 2. d4 d5 3. e5 c5 4. Nf3 Nc6 5. Bb5 Qb6 6. Nc3 cxd4 7. Nxd4 Bd7 8. Bxc6 bxc6 9. 0-0 c5 10. Nb3 Ne7 11. a4 Nf5 12. Bd2 Be7 13. Qe2 0-0 14. a5 Qc7 15. Rfe1 f6 16. Bf4 fxe5 17. Bxe5 Bd6 18. Bxd6 Qxd6 19. Nb5 Qc6 20. c4 0-1

[Event "Zweibruecken PSB-ch HT1 82nd"]
[Site "Zweibruecken"]
[Date "2013.03.29"]
[Round "6"]
[White "Heindl, Gilbert"]
[Black "Schlegel, Stefan"]
[Result "0-1"]
[WhiteElo "1460"]
[BlackElo "1865"]
[PlyCount "80"]
[EventDate "2013.??.??"]
[EventType "swiss"]
[EventRounds "7"]
[EventCountry "GER"]
[SourceTitle "EXT 2014"]
[Source "ChessBase"]
[SourceDate "2013.11.20"]
[SourceVersion "1"]
[SourceVersionDate "2013.11.20"]
[SourceQuality "1"]

1. d4 d6 2. Bf4 Nf6 3. Nf3 g6 4. h3 Bg7 5. e3 c6 6. Nbd2 Nbd7 7. c3 0-0 8. Bc4 Nb6 9. Bb3 Nbd5 10. Bh2 Nc7 11. 0-0 Be6 12. Bc2 Qc8 13. Ng5 Bd7 14. Qf3 d5 15. Qg3 Nce8 16. Rae1 h6 17. Ngf3 Nh5 18. Qh4 Bf6 19. Qxh5 gxh5 20. e4 dxe4 21. Bxe4 Bf5 22. Re3 Kh7 23. Bg3 Ng7 24. Nh4 Bxe4 25. Rxe4 Nf5 26. Nxf5 Qxf5 27. Rfe1 Rg8 28. R1e3 Qg6 29. Rf4 Bg5 30. Kf1 Bxf4 31. Bxf4 Qxg2+ 32. Ke2 Rg6 33. Nc4 Re6 34. Ne5 f6 35. Nf7 Rxe3+ 36. Bxe3 Qxh3 37. Nxh6 Qe6 38. b3 Qxe3+ 39. Kxe3 Kxh6 40. Kf3 Rg8 0-1

[Event "Zweibruecken PSB-ch HT1 82nd"]
[Site "Zweibruecken"]
[Date "2013.03.24"]
[Round "4"]
[White "Hamberger, Tamara"]
[Black "Heindl, Gilbert"]
[Result "0-1"]
[WhiteElo "1235"]
[BlackElo "1460"]
[PlyCount "64"]
[EventDate "2013.??.??"]
[EventType "swiss"]
[EventRounds "7"]
[EventCountry "GER"]
[SourceTitle "EXT 2014"]
[Source "ChessBase"]
[SourceDate "2013.11.20"]
[SourceVersion "1"]
[SourceVersionDate "2013.11.20"]
[SourceQuality "1"]

1. c4 e5 2. b3 Bc5 3. Nc3 Nc6 4. Nf3 d6 5. g3 Nf6 6. Bg2 Bg4 7. 0-0 Qd7 8. Bb2 Bh3 9. e3 Bxg2 10. Kxg2 0-0-0 11. d4 exd4 12. exd4 Bb6 13. d5 Ne7 14. a4 a6 15. b4 Qg4 16. a5 Ba7 17. Nd2 Qg6 18. b5 Ng4 19. Re1 Nf5 20. bxa6 bxa6 21. Nce4 Bxf2 22. Qb3 Bxe1 23. Rxe1 f6 24. c5 Qh6 25. Nf1 dxc5 26. Nxc5 Nd6 27. Nxa6 Nb7 28. Rc1 Rd7 29. Qb6 Qxc1 30. Bxc1 cxb6 31. axb6 Rxd5 32. Nc7 Rc5 0-1